| 000 | 00560nam a2200145Ia 4500 | ||
|---|---|---|---|
| 008 | 170221s9999 xx 000 0 und d | ||
| 100 | _aAlexey I. Shinkevich | ||
| 245 | _aEconomic Aspects of Risk Management of Stakeholders Activities | ||
| 245 | _cAlexey I. Shinkevich, Alsu A. Lubnina, Alexey G. Koryakov, Vladimir G. Mikhailov, Ekaterina L. Vodolazhskaya | ||
| 260 | _bInternational Review of Management and Marketing | ||
| 260 | _c2012 | ||
| 300 | _a7 : 2 | ||
| 650 | _xMarketing. | ||
| 856 | _uhttp://www.econjournals.com/index.php/irmm/issue/view/72 | ||
| 999 |
_c313906 _d313906 |
||